Welcome to the Holygrace Academy Library

Please use search bar below to get started

SIDDHARTHA (Record no. 6828)

MARC details
000 -LEADER
fixed length control field 00574nam a22001457a 4500
020 ## - INTERNATIONAL STANDARD BOOK NUMBER
ISBN 978-0-143-45687-2
082 ## - DEWEY DECIMAL CLASSIFICATION NUMBER
Classification number 823
Item number HES/S
100 ## - MAIN ENTRY--AUTHOR NAME
Personal name HESSE, HERMANN
245 ## - TITLE STATEMENT
Title SIDDHARTHA
260 ## - PUBLICATION, DISTRIBUTION, ETC. (IMPRINT)
Place of publication HARYANA
Name of publisher PENGUIN RANDOM HOUSE INDIA PVT LTD
Year of publication 2022
300 ## - PHYSICAL DESCRIPTION
Number of Pages 138
520 ## - SUMMARY, ETC.
Summary, etc In Siddhartha, a man named Siddhartha leaves his life as a Brahmin to pursue enlightenment. First, he tries it through other spiritual groups, then through material worth. Finally, he finds it by sitting on a river, realizing that everyone is interconnected.
650 ## - SUBJECT ADDED ENTRY--TOPICAL TERM
Topical Term NOVEL
942 ## - ADDED ENTRY ELEMENTS (KOHA)
Koha item type Books
Holdings
Withdrawn status Lost status Collection code Home library Current library Shelving location Date acquired Source of acquisition Cost, normal purchase price Full call number Accession Number Koha item type
    Fiction Main Library Main Library NEW SHELF WITH NEW ENTRY 27/09/2023 Purchase 125.00 823 HES/S 12922 Books